Normal view
MARC view
- Greenwood, Ted
Entry Personal Name
001 - CONTROL NUMBER
- control field: 106387
003 - CONTROL NUMBER IDENTIFIER
- control field: NUST
005 - DATE AND TIME OF LATEST TRANSACTION
- control field: 20221229132847.0
008 - FIXED-LENGTH DATA ELEMENTS
- fixed length control field: 221229|| aca||aabn | a|a d
040 ## - CATALOGING SOURCE
- Original cataloging agency: NUST
- Transcribing agency: NUST
100 ## - HEADING--PERSONAL NAME
- Personal name: Greenwood, Ted
670 ## - SOURCE DATA FOUND
- Source citation: Work cat.: (NUST)186315: Greenwood, Ted, Nuclear power and Weapons Proliferation /, 1976, c1977.
